| 000 | 00965 a2200217 4500 | ||
|---|---|---|---|
| 001 | 47476 | ||
| 005 | 20260407155741.0 | ||
| 008 | 260407a1983 arg spa d | ||
| 003 | AR-UNSa-BCEJYS | ||
| 040 |
_aAR-UNSa-BCEJYS _bspa _cAR-UNSa-BCEJYS |
||
| 080 |
_a330 _xEconomía en general |
||
| 245 | 1 | 0 | _aLa economía que viene |
| 020 | _a84-206-0114-4 | ||
| 264 | 1 |
_aMadrid : _bAlianza Editorial _c1983 |
|
| 300 |
_a292 p. _c18 cm. |
||
| 505 | _a1. La decadencia de la economía de consumo - 2. La subida del petróleo - 3. Deudas y capitales - 4. La larga recesión - 5. La economía informática - 6. ¿Crecimiento o cambio? - 7. Algunas estrategias informáticas - 8. Desintermediación - 9. Siete maneras de pensar sobre su dinero - 10. La próxima economía. | ||
| 942 | _cBK | ||
| 590 | _aniveau_biblio:m niveau_hierar:0 | ||
| 100 | 1 | _aHawken, Paul | |
| 856 | 4 | 1 |
_uhttps://www.biblioeco.unsa.edu.ar/pmb/images/libros/L127516.jpg _yImagen de portada _qimage/jpeg |
| 999 |
_c4373 _d4373 |
||